000 00267nam a2200109Ia 4500
008 190216s9999||||xx |||||||||||||| ||und||
100 _aNcert
245 0 _aElements Of Book-Keeping And Accounting
260 _bHimalaya Publishing House
300 _a517]p
942 _cBK
999 _c3886
_d3886